000 nam a22 7a 4500
999 _c8457
_d8457
008 180116b ||||| |||| 00| 0 eng d
100 _94855
_aMALHOTRA.M
245 _aENVIRONMENTAL STUDIES-3
260 _aMEERAT
_bARIHARAN
_c2015